Fitted numerical methods for singular perturbation problems : error estimates in the maximum norm for linear problems in one and two dimensions (Record no. 7729)
[ view plain ]
| 000 -LEADER | |
|---|---|
| fixed length control field | 00699 a2200193 4500 |
| 020 ## - INTERNATIONAL STANDARD BOOK NUMBER | |
| International Standard Book Number | 9810224621 |
| 035 ## - SYSTEM CONTROL NUMBER | |
| System control number | 7803737 |
| 040 ## - CATALOGING SOURCE | |
| Original cataloging agency | DLC |
| Language of cataloging | English |
| 082 ## - DEWEY DECIMAL CLASSIFICATION NUMBER | |
| Classification number | 519.4 |
| 100 10 - MAIN ENTRY--PERSONAL NAME | |
| Personal name | Miller, John J. H. |
| 245 10 - TITLE STATEMENT | |
| Title | Fitted numerical methods for singular perturbation problems : error estimates in the maximum norm for linear problems in one and two dimensions |
| Statement of responsibility, etc. | / J.J.H. Miller, E. O'Riordan, G.I. Shishkin. |
| 260 ## - PUBLICATION, DISTRIBUTION, ETC. | |
| Place of publication, distribution, etc. | Singapore |
| Name of publisher, distributor, etc. | : World Scientific |
| Date of publication, distribution, etc. | , c1996. |
| 300 ## - PHYSICAL DESCRIPTION | |
| Extent | xiv, 166 p. |
| Other physical details | : ill. |
| Dimensions | ; 23 cm. |
| 650 #0 - SUBJECT ADDED ENTRY--TOPICAL TERM | |
| Topical term or geographic name entry element | Differential equations |
| General subdivision | Numerical solutions. |
| 650 #0 - SUBJECT ADDED ENTRY--TOPICAL TERM | |
| Topical term or geographic name entry element | Perturbation (Mathematics) |
| 700 10 - ADDED ENTRY--PERSONAL NAME | |
| Personal name | O'Riordan, E |
| 700 10 - ADDED ENTRY--PERSONAL NAME | |
| Personal name | Shishkin, G. I. |
| 942 ## - ADDED ENTRY ELEMENTS (KOHA) | |
| Koha item type | Book |
| Call number prefix | 519.4 MIL |
| Source of classification or shelving scheme | |
| Withdrawn status | Lost status | Damaged status | Not for loan | Collection code | Permanent Location | Current Location | Shelving location | Date acquired | Source of acquisition | Total Checkouts | Full call number | Barcode | Date last seen | Price effective from | Koha item type |
|---|---|---|---|---|---|---|---|---|---|---|---|---|---|---|---|
| Central Library (CL) | Central Library (CL) | General Stacks | 03/06/2003 | Donated by Dr. Arshad Ali | 519.4 MIL | SEECS003177 | 01/10/2019 | 01/05/2017 | Book |
